000 00475nam a2200181Ia 4500
001 12776
005 20260306163006.0
008 260306t2001||||xx |||||||||||||| ||spa||
041 _aESP
082 _aRD 272.703
_bD73
100 _aFitzgerald , Allan D. (Dir.)
_eAUT
245 0 _aDiccionario de San Agustín:
_bSan Agustín a través del tiempo
260 _c2001
300 _a1352 páginas :
_c25 cm.
650 _aGEN
654 _aCHU
942 _cDIC
_dJUS
_fJUS
_2ddc
_n
999 _c12776
_d12776